Every Premier League Goalscorer (2016/17) - Statistics

General Stats
  • This quiz has been taken 150 times
  • The average score is 85 of 269
Answer Stats
Player Club Goals % Correct
Harry Kane Tottenham Hotspur 29
91%
Jamie Vardy Leicester City 13
80%
Sergio Agüero Manchester City 20
80%
Heung-min Son Tottenham Hotspur 14
77%
Alexis Sánchez Arsenal 24
76%
Olivier Giroud Arsenal 12
76%
Romelu Lukaku Everton 25
76%
Sadio Mané Liverpool 13
75%
Roberto Firmino Liverpool 11
74%
Jordan Henderson Liverpool 1
73%
Marten de Roon Middlesbrough 4
73%
Kevin De Bruyne Manchester City 6
71%
Marcus Rashford Manchester United 5
71%
Mesut Özil Arsenal 8
71%
N'Golo Kanté Chelsea 1
71%
Riyad Mahrez Leicester City 6
71%
Dele Alli Tottenham Hotspur 18
70%
Eden Hazard Chelsea 16
70%
Raheem Sterling Manchester City 7
70%
Wayne Rooney Manchester United 5
69%
Zlatan Ibrahimović Manchester United 17
69%
Diego Costa Chelsea 20
67%
David Silva Manchester City 4
66%
Leroy Fer Swansea City 6
63%
Wilfried Zaha Crystal Palace 7
63%
Danny Drinkwater Leicester City 1
62%
Juan Mata Manchester United 6
59%
Philippe Coutinho Liverpool 13
59%
Willian Chelsea 8
58%
Christian Benteke Crystal Palace 15
57%
Jermain Defoe Sunderland 15
57%
Theo Walcott Arsenal 10
57%
Billy Jones Sunderland 1
56%
Callum Wilson Bournemouth 6
56%
Gary Cahill Chelsea 6
56%
Nemanja Matić Chelsea 1
56%
Paul Pogba Manchester United 5
56%
Andrew Robertson Hull City 1
55%
Christian Eriksen Tottenham Hotspur 8
55%
James Milner Liverpool 7
55%
Wes Morgan Leicester City 1
55%
Andy King Leicester City 1
54%
Joshua King Bournemouth 16
54%
Troy Deeney Watford 10
54%
Anthony Martial Manchester United 4
53%
Shinji Okazaki Leicester City 3
53%
Vincent Kompany Manchester City 3
53%
Yaya Touré Manchester City 5
53%
Aaron Ramsey Arsenal 1
52%
Fernandinho Manchester City 2
52%
Pedro Chelsea 9
52%
Laurent Koscielny Arsenal 2
51%
Marcos Alonso Chelsea 6
51%
Harry Maguire Hull City 2
49%
Héctor Bellerín Arsenal 1
49%
Mousa Dembélé Tottenham Hotspur 1
49%
Peter Crouch Stoke City 7
49%
Adam Smith Bournemouth 1
48%
Ashley Barnes Burnley 6
48%
César Azpilicueta Chelsea 1
48%
John Terry Chelsea 1
48%
Leroy Sané Manchester City 5
48%
Séamus Coleman Everton 4
48%
Cesc Fàbregas Chelsea 5
47%
Marc Albrighton Leicester City 2
47%
Robert Huth Leicester City 2
47%
Stephen Ward Burnley 1
46%
Dejan Lovren Liverpool 2
45%
Georginio Wijnaldum Liverpool 6
45%
Alex Oxlade-Chamberlain Arsenal 2
44%
Danny Rose Tottenham Hotspur 2
44%
Virgil van Dijk Southampton 1
44%
Adam Lallana Liverpool 8
43%
Antonio Valencia Manchester United 1
43%
Chris Smalling Manchester United 1
43%
Enner Valencia Everton 3
43%
Jay Rodríguez Southampton 5
43%
Steve Cook Bournemouth 2
43%
Toby Alderweireld Tottenham Hotspur 1
43%
Ben Davies Tottenham Hotspur 1
42%
Christian Fuchs Leicester City 2
42%
Leighton Baines Everton 2
42%
Michail Antonio West Ham United 9
42%
Tom Davies Everton 2
42%
Wilfried Bony Stoke City 2
42%
André Ayew West Ham United 6
41%
Ben Mee Burnley 1
41%
Daniel Sturridge Liverpool 3
41%
Jordan Ayew Swansea City 1
41%
Xherdan Shaqiri Stoke City 4
41%
Ander Herrera Manchester United 1
40%
Andre Gray Burnley 9
38%
Charlie Adam Stoke City 1
38%
Danny Welbeck Arsenal 2
38%
David Luiz Chelsea 1
38%
Demarai Gray Leicester City 1
38%
Eric Dier Tottenham Hotspur 2
38%
Leonardo Ulloa Leicester City 1
38%
Marko Arnautović Stoke City 6
38%
Nicolás Otamendi Manchester City 1
38%
Shkodran Mustafi Arsenal 2
38%
Andy Carroll West Ham United 7
37%
Emre Can Liverpool 5
37%
Gaël Clichy Manchester City 1
37%
James Ward-Prowse Southampton 4
37%
Jesse Lingard Manchester United 1
37%
Michael Keane Burnley 2
37%
Santi Cazorla Arsenal 2
37%
Tom Carroll Swansea City 1
37%
Gylfi Sigurðsson Swansea City 9
36%
Joël Matip Liverpool 1
36%
Mark Noble West Ham United 3
36%
Victor Moses Chelsea 3
36%
Ashley Williams Everton 1
35%
Granit Xhaka Arsenal 2
35%
Kevin Mirallas Everton 4
35%
Ross Barkley Everton 5
35%
Abel Hernández Hull City 4
34%
Dimitri Payet West Ham United 2
34%
Divock Origi Liverpool 7
34%
Joe Allen Stoke City 6
34%
Marouane Fellaini Manchester United 1
34%
Pablo Zabaleta Manchester City 1
34%
Shane Long Southampton 3
34%
Gabriel Jesus Manchester City 7
33%
Ilkay Gündogan Manchester City 3
33%
Kelechi Iheanacho Manchester City 4
33%
Aleksandar Kolarov Manchester City 1
32%
Álvaro Negredo Middlesbrough 9
32%
Craig Dawson West Bromwich Albion 4
32%
Dominic Calvert-Lewin Everton 1
32%
Henrikh Mkhitaryan Manchester United 4
32%
Michael Dawson Hull City 3
32%
Phil Jagielka Everton 3
32%
Junior Stanislas Bournemouth 7
31%
Ryan Shawcross Stoke City 1
31%
Victor Wanyama Tottenham Hotspur 4
31%
Alex Iwobi Arsenal 3
30%
Érik Lamela Tottenham Hotspur 1
29%
Jonny Evans West Bromwich Albion 2
29%
Fernando Llorente Swansea City 15
27%
James McCarthy Everton 1
27%
Ryan Fraser Bournemouth 3
27%
Dušan Tadić Southampton 3
26%
Islam Slimani Leicester City 7
26%
Calum Chambers Arsenal 1
25%
Calum Chambers Middlesbrough 1
25%
Manolo Gabbiadini Southampton 4
25%
Michy Batshuayi Chelsea 5
25%
Nathan Aké Bournemouth 3
25%
Diafra Sakho West Ham United 1
24%
Fabio Borini Sunderland 2
24%
Patrick van Aanholt Crystal Palace 2
24%
Patrick van Aanholt Sunderland 3
24%
Charlie Austin Southampton 6
23%
Morgan Schneiderlin Everton 1
23%
Salomón Rondón West Bromwich Albion 8
23%
Sam Vokes Burnley 10
23%
Winston Reid West Ham United 2
23%
Andros Townsend Crystal Palace 3
22%
James McArthur Crystal Palace 5
22%
Manuel Lanzini West Ham United 8
22%
Bojan Krkić Stoke City 3
21%
Charlie Daniels Bournemouth 4
21%
Darren Fletcher West Bromwich Albion 2
21%
Harry Winks Tottenham Hotspur 1
21%
Marcos Rojo Manchester United 1
21%
Odion Ighalo Watford 1
21%
Daley Blind Manchester United 1
20%
Fabian Delph Manchester City 1
20%
Nolito Manchester City 4
20%
Stewart Downing Middlesbrough 1
20%
Abdoulaye Doucouré Watford 1
19%
Gareth Barry Everton 2
19%
Gastón Ramírez Middlesbrough 2
19%
James Tomkins Crystal Palace 3
19%
Lucas Pérez Arsenal 1
19%
Luka Milivojević Crystal Palace 2
19%
Matt Phillips West Bromwich Albion 4
19%
Yannick Bolasie Everton 1
19%
Scott Dann Crystal Palace 3
18%
Tom Huddlestone Hull City 1
18%
Wilfred Ndidi Leicester City 2
18%
Harry Arter Bournemouth 1
16%
Idrissa Gueye Everton 1
16%
James Collins West Ham United 2
16%
Lamine Koné Sunderland 1
16%
Nathan Redmond Southampton 7
16%
Robert Snodgrass Hull City 7
16%
Sam Clucas Hull City 3
16%
Chris Brunt West Bromwich Albion 3
15%
Dan Gosling Bournemouth 2
15%
Étienne Capoue Watford 7
15%
Gareth McAuley West Bromwich Albion 6
15%
James Morrison West Bromwich Albion 5
15%
Martin Olsson Swansea City 2
15%
Nacer Chadli West Bromwich Albion 5
15%
Ryan Bertrand Southampton 2
15%
Benik Afobe Bournemouth 6
14%
Mame Biram Diouf Stoke City 1
14%
Oumar Niasse Hull City 4
14%
Jóhann Berg Guðmundsson Burnley 1
13%
Jonathan Walters Stoke City 4
13%
Maya Yoshida Southampton 1
13%
Vincent Janssen Tottenham Hotspur 2
13%
Ángel Rangel Swansea City 1
12%
Ben Gibson Middlesbrough 1
12%
Cristhian Stuani Middlesbrough 4
12%
George Boyd Burnley 2
12%
Jake Livermore Hull City 1
12%
Robbie Brady Burnley 1
12%
Ryan Mason Hull City 1
12%
Wayne Routledge Swansea City 3
12%
Adama Diomande Hull City 2
11%
Ben Chilwell Leicester City 1
11%
Jeff Hendrick Burnley 2
11%
José Holebas Watford 2
11%
Kyle Naughton Swansea City 1
11%
Marc Pugh Bournemouth 2
11%
Oriol Romeu Southampton 1
11%
Daniel Amartey Leicester City 1
10%
Fraizer Campbell Crystal Palace 1
10%
Hal Robson-Kanu West Bromwich Albion 3
10%
Wahbi Khazri Sunderland 1
10%
Yohan Cabaye Crystal Palace 4
10%
Connor Wickham Crystal Palace 2
9%
Javier Manquillo Sunderland 1
9%
Pedro Obiang West Ham United 1
9%
Roberto Pereyra Watford 2
9%
Victor Anichebe Sunderland 3
9%
Ademola Lookman Everton 1
8%
Ahmed Musa Leicester City 2
8%
Bruno Martins Indi Stoke City 1
8%
Daryl Janmaat Watford 2
8%
David Meyler Hull City 1
8%
James McClean West Bromwich Albion 1
8%
Younès Kaboul Watford 2
8%
Alfie Mawson Swansea City 4
7%
Christian Kabasele Watford 2
7%
Daniel Ayala Middlesbrough 1
7%
Dean Marney Burnley 1
7%
Joey Barton Burnley 1
7%
Lazar Marković Hull City 2
7%
Miguel Britos Watford 1
7%
Sofiane Feghouli West Ham United 3
7%
Stefano Okaka Watford 4
7%
Steven Defour Burnley 1
7%
Cheikhou Kouyaté West Ham United 1
5%
Josh Harrop Manchester United 1
5%
Patrick Bamford Middlesbrough 1
5%
Scott Arfield Burnley 1
5%
Sebastian Prödl Watford 1
5%
Borja Bastón Swansea City 1
4%
Didier Ndong Sunderland 1
4%
Grant Leadbitter Middlesbrough 1
4%
Isaac Success Watford 1
4%
Joe Ledley Crystal Palace 1
4%
Jordy Clasie Southampton 1
4%
Marc Muniesa Stoke City 1
4%
Andrea Ranocchia Hull City 2
3%
Rudy Gestede Middlesbrough 1
3%
Camilo Zúñiga Watford 1
2%
Matthew Pennington Everton 1
2%
M'Baye Niang Watford 2
2%
Sofiane Boufal Southampton 1
2%
Alfred N'Diaye Hull City 1
1%
Jonathan Calleri West Ham United 1
1%
Mike van der Hoorn Swansea City 1
1%
Shaun Maloney Hull City 1
0%
No matching quizzes found
Score Distribution
Percent of People with Each Score
Percentile by Number Answered
Your Score History
You have not taken this quiz